| 000 | 00401nam a2200133Ia 4500 | ||
|---|---|---|---|
| 008 | 160227s9999 xx 000 0 und d | ||
| 100 | _aGutiƩrrez,C.R. | ||
| 245 | _aAdvances in Knowledge Representation / | ||
| 245 | _cC.R. GutiƩrrez. | ||
| 260 | _bInTech. | ||
| 260 | _c2012 | ||
| 650 | _xInformation Technology. | ||
| 856 | _uhttp://www.intechopen.com/books/advances-in-knowledge-representation | ||
| 999 |
_c291035 _d291035 |
||